Pactes socials 2000-2003 : aprovats pel Ple de la Diputació de Barcelona el 27 de juliol de 2000 aprovats pel Ple de la Diputació de Barcelona el 27 de juliol de 2000
Descripción Física:
14 p. : 21 cm
MARC
| LEADER | 00000nam a2200000Ia 4500 | ||
|---|---|---|---|
| 001 | 23855 | ||
| 008 | 160829s2000 xx 000 0 cat d | ||
| 080 | |a FU-62-55 | ||
| 245 | |a Pactes socials 2000-2003 : |b aprovats pel Ple de la Diputació de Barcelona el 27 de juliol de 2000 | ||
| 260 | |a Barcelona : |b Diputació de Barcelona, |c 2000 | ||
| 300 | |a 14 p. : |b 21 cm | ||
| 650 | |a Drets dels treballadors |x Barcelona (Província) |9 50213 | ||
| 700 | |a Comisiones Obreras |9 50215 | ||
| 700 | |a Comunión Tradicionalista Carlista I |9 50216 | ||
| 710 | 2 | |a Unió General de Treballadors de Catalunya |9 52783 | |
| 710 | 1 | |a Barcelona (Catalunya : Província). |b Diputació |9 52408 | |
| 901 | |a Arxiu | ||
| 942 | |n 1 | ||
| 952 | |0 0 |1 0 |4 0 |6 FU6255 |7 1 |9 55840 |a Arxiu |b Arxiu |d 2016-12-01 |l 0 |o FU-62-55 |p 23855 |r 2016-12-01 00:00:00 |w 2016-12-01 |y ARXIU | ||
| 999 | |c 59713 |d 59713 | ||